[Event "FIDE-Wch k.o."]
[Site "Tripoli"]
[Date "2004.06.19"]
[Round "1.1"]
[White "Vaganian, Rafael A"]
[Black "Ghaem Maghami, Ehsan"]
[Result "0-1"]
[WhiteElo "2639"]
[BlackElo "2558"]
[Annotator "Gershon,A"]
[PlyCount "72"]
[EventDate "2004.06.19"]
[EventType "k.o."]
[EventRounds "7"]
[EventCountry "LBY"]
[SourceTitle "CBM 102"]
[Source "ChessBase"]
[SourceDate "2004.09.23"]
[SourceVersion "1"]
[SourceVersionDate "2004.09.23"]
[SourceQuality "1"]

1. d4 Nf6 2. Nf3 e6 3. e3 b6 4. Bd3 Bb7 5. O-O Be7 6. c4 O-O 7. Nc3 d5 8. cxd5
exd5 9. b3 Nbd7 10. Bb2 a6 11. Rc1 Bd6 {Sometimes, this position arises with
black to play (when he is able to play Bd6 in one move).} 12. Bf5 $6 {I don't
like white's idea of giving away the bishop. This way he gets control over the
'e5' square, but the B will be missed on the K-side later on.} ({the natural} 
12. Ne2 {is better}) 12... Re8 13. Bxd7 $2 Qxd7 14. Ne5 Qe6 15. Ne2 {[%cal
Ge2f4,Yf4h5,Yf4d5]} Rac8 {Protecting c7 (in case black decides to take on c5
at some point), and preparing c7-c5 in an appropriate moment.} 16. Nf4 Qe7 17.
Nh5 {without the light squared bishop White's strategy has no chances to
succeed.} (17. Nfd3 {makes more sene to me, but white is already fighting for
equality}) 17... Nxh5 18. Qxh5 c5 $17 {Black has a very simple plan: b5-c4 etc.
while white has to look for artificial ways on achieving counterplay.} 19. f4 {
[%csl Re3] it works in some lines, but here black forces are too well
coordinated, so this "active" move will backfire at white.} f6 20. Ng4 Qf7 $1 {
A very strong move, underlining all the misery of white's position. The
endgame is, of course, hopless for him.} 21. Qh3 (21. Qxf7+ Kxf7 $17 {[%csl
Re3][%cal Gh7h5,Gc5c4,Gb6b5]}) 21... c4 {[%csl Rg4,Rh3] white pieces are
completely irrelevant to the battle.} 22. Rfd1 b5 23. bxc4 {Of course, white
understands that this move opens up the bishop on 'b7', but it was the only
way to stop black from playing b4-c3} (23. Qg3 Kh8) (23. Qf3 b4 24. Ba1 c3 25.
a3 a5 $19) 23... dxc4 {[%cal Gb5b4]} 24. d5 h5 $1 (24... b4 {was also possible,
but white give white unecessary chances?} 25. Bxf6 h5 26. Ne5 Qxf6 27. Nxc4 Bc5
$19) 25. Nf2 b4 26. Bd4 Bxd5 {Now it's a winning position AND a pawn} 27. Bxf6
gxf6 28. Qg3+ Qg7 (28... Kf8 {was the stronger option} 29. e4 Qc7 30. e5 {
is completely winning for black but, perhaps a bit too messy}) 29. Rxd5 Qxg3
30. hxg3 Bc5 31. e4 (31. Rxc4 Bxe3 32. Rxc8 Rxc8 33. Kf1 Bxf2 34. Kxf2 Rc2+ 35.
Kf3 Rxa2 {[%cal Ga6a3,Gb4b2] white has no chance of survival here}) 31... a5 (
31... Rxe4 $4 {of course not} 32. Rxc5) 32. Kf1 a4 33. Nd3 {trying to create
any disbalance} (33. Rxc4 Bxf2 34. Rxc8 Rxc8 35. Kxf2 Rc2+ 36. Kf3 Rxa2 {
the quantity of pawn is equal, which cannot be said about theirs quality}) (33.
Rxh5 b3 (33... Bxf2 34. Kxf2 Rxe4 $19) 34. Ng4 b2 35. Rb1 c3 $19) 33... cxd3
34. Rcxc5 Rxc5 35. Rxc5 Rxe4 36. Rd5 Re2 {A good example how a wrong opening
strategy can lead to a defeat with white, without even comitting hard mistakes.
} (36... Re2 37. Rxd3 Rxa2) 0-1

[Event "Pulvermuehle 2nd"]
[Site "Pulvermuehle"]
[Date "2004.02.20"]
[Round "2"]
[White "Bezold, Michael"]
[Black "Bischoff, Klaus"]
[Result "1-0"]
[WhiteElo "2456"]
[BlackElo "2561"]
[Annotator "Gershon,A"]
[PlyCount "85"]
[EventDate "2004.02.19"]
[EventType "tourn"]
[EventRounds "11"]
[EventCountry "GER"]
[EventCategory "11"]
[SourceTitle "CBM 100"]
[Source "ChessBase"]
[SourceDate "2004.06.01"]
[SourceVersion "1"]
[SourceVersionDate "2004.06.01"]
[SourceQuality "1"]

1. d4 Nf6 2. Nf3 e6 3. e3 b6 4. Bd3 Bb7 5. O-O c5 6. c4 Bxf3 {A rare move. The
usual continuations here are:} (6... d6) (6... Be7) 7. Qxf3 Nc6 {Black gave up
on two BB, but put a pressure on the center, forcing white to take on c5, or
close the position with d4-d5.} 8. dxc5 (8. d5 Ne5 9. Qe2 Nxd3 10. Qxd3 exd5
11. cxd5 d6 12. e4 Be7 13. Nc3 O-O {and black is ok.}) 8... bxc5 9. Nc3 {
In the next phase both players will try to develop their pieces on best
positions. Black's position is solid, although the spatial advantage promises
white a long term small advantage.} g6 $6 {There was no need to leave white a
bishop pair. Especially, considering the fact that black has less space, and
any exchange is good for him.} (9... Ne5 $5 10. Qe2 Nxd3 11. Qxd3 Be7 12. e4 d6
13. Rd1 O-O 14. b3 $14) 10. Rd1 Rb8 (10... Ne5 {doesn't have the same effect
as before, since with the bishop on g7, black's d6 square will be too weak.})
11. Bf1 Bg7 12. b3 O-O ({but not} 12... Ne4 $4 13. Nxe4 Bxa1 14. Nd6+ Ke7 15.
Qxf7#) 13. Bb2 Qe7 14. Rd2 {[%csl Rd7]} Rfd8 15. Rad1 Ne8 16. g3 $14 {[%cal
Gh2h5,Yf1g2] /+/- Black has no plan for improving his position, while white
can continue to slowly increase the pressure.} f5 {gaining some space, but in
the same time giving white additional target for attack.} (16... Rb6 $5) 17.
Qe2 Ne5 18. f4 $1 Nf7 (18... Ng4 $143 19. Bg2 Ngf6 $14) 19. Bg2 Nf6 20. Ba3 $1
{Before the 'e3-e4' advance white is removing the B from the long diagonal, to
avoid the exchange of dark squared bishops, and forcing black to weaken the
'e6' square by playing d7-d6.} d6 21. e4 Nxe4 22. Nxe4 fxe4 23. Bxe4 $16 {
[%csl Re6,Rg6,Rh7] The opening phase was played flawlessly by white.} Qc7 24.
Kg2 {moving away from potential checks along the g1-a7 diagonal.} Rd7 25. h4 $1
{[%csl Rg6,Rh7][%cal Ge4h7,Gh4h5]} Re8 26. Rd3 $2 {too slow.} ({It was time to
start the assault.} 26. h5 g5 (26... gxh5 $2 27. Qxh5 h6 28. Bxc5 {[%csl Rd7]})
27. Qg4 gxf4 28. Bb2 $1 {a very important intermediate move.} e5 29. gxf4 {
with a decisive attack.}) 26... Rde7 27. Qc2 Bd4 28. h5 gxh5 $2 {Missing a
great opportunity to take the initiative.} (28... e5 $1 29. hxg6 hxg6 30. R3d2
(30. Bxg6 exf4 {[%cal Ge7e2]} 31. Bh5 Qb7+ $17 {all of a sudden it's white who
is being attacked here.}) 30... exf4 31. Bd5 Kg7 $15) 29. Bxh7+ $1 {Destroying
black's king position.} Kxh7 $6 {Allowing white to get rid of the 'd4' B is
not a good idea.} (29... Kh8 30. Be4 e5 31. f5 Ng5 32. Qe2 Rh7 {and there is
still a lot of fight ahead}) 30. Rxd4+ Kh6 31. Re4 Qc6 (31... e5 32. f5 $40)
32. Qe2 {[%cal Gd1h1]} Kg7 (32... e5 33. Rd5 {[%cal Ga3b2]}) 33. Bb2+ e5 (33...
Kf8 $142 {Is the lesser evil, but it is only a matter of how many moves will
black hold.} 34. Kg1) 34. Rd5 $18 {The black king is doomed now.} Kf8 (34...
Kg6 35. f5+ Kg5 36. Qxh5+ $1 Kxh5 37. Bc1 $1 {and the mate is inevitable.}) 35.
Qxh5 exf4 36. Rxf4 {[%cal Gh5h8] Now it's all over... there are a few
desparate checks left.} Re2+ 37. Kh3 Qd7+ 38. Rdf5 Rxb2 39. Qh8+ Ke7 40. Qf6+ {
not letting the king escape, of course.} (40. Qxb2 $6 Ne5) 40... Kf8 41. Qxb2
Re5 42. g4 Re3+ 43. Kh2 1-0

[Event "RUS-chT 12th"]
[Site "Sochi"]
[Date "2005.04.27"]
[Round "9"]
[White "Ivanchuk, Vassily"]
[Black "Moiseenko, Alexander"]
[Result "1/2-1/2"]
[WhiteElo "2739"]
[BlackElo "2665"]
[Annotator "Gershon,A"]
[PlyCount "72"]
[EventDate "2005.04.19"]
[EventType "team-tourn"]
[EventRounds "11"]
[EventCountry "RUS"]
[SourceTitle "EXT 2020"]
[Source "ChessBase"]
[SourceDate "2019.10.17"]
[SourceVersion "1"]
[SourceVersionDate "2019.10.17"]
[SourceQuality "1"]
[WhiteTeam "Saransk TPS"]
[BlackTeam "Saratov Ekonomist SGSEU"]
[WhiteTeamCountry "RUS"]
[BlackTeamCountry "RUS"]

1. d4 Nf6 2. c4 e6 3. Nf3 Bb4+ 4. Nbd2 b6 5. a3 Bxd2+ 6. Qxd2 O-O 7. e3 Bb7 8.
Be2 d6 9. O-O Ne4 10. Qc2 $6 f5 (10... Nd7 11. b4 c5 {is what I recommended
for black in my survey in CBM104, and, suprprisingly, I still hold this
opinion.}) 11. b4 Rf6 {In the aforementioned survey I concluded that if White
chooses to place his Q on c2 black'd better refrain from Rf6:} 12. d5 (12. Bb2
Nd7 {this was the exact position in question, and now after:} 13. d5 Rg6 14.
Nd4 {white gets an edge. This game nothing but enforces the overall assessment.
}) 12... exd5 13. Bb2 Rg6 14. cxd5 Nd7 ({After} 14... Bxd5 15. Rfd1 $16 {
the white pieces control the whole board.}) 15. Rac1 Rc8 16. Rfd1 a6 $6 {
A somewhat mysterious move. Black should better take care of his centre first:}
(16... c5 {doesn't work due to:} 17. dxc6 Rxc6 (17... Bxc6 18. Ba6 $18) 18.
Qb3+ Kf8 19. Rxc6 Bxc6 20. g3 {[%cal Gf3d4] with a big advantage} ({but not} 
20. Nd4 $4 Rxg2+ $1 21. Kxg2 Qg5+ 22. Kf1 (22. Bg4 Nd2+ 23. Nxc6 Qxg4+ $19)
22... Qh4 {and there is no defence against mate.})) (16... Qe7 17. Qa4 a5 18.
bxa5 Ndc5 {and Black's in the game.}) 17. Bd3 Qe7 18. Nd4 {[%csl Re4,Rf5][%cal
Gc2f5,Gd4f5,Yf2f3] Rather then just attacking the knight, Ivanchuk is
targeting the basis - Pf5. All of a sudden, Black's position is very difficult.
} Bxd5 19. Bc4 $1 Bxc4 (19... Qf7 20. Nxf5 Bxc4 21. Qxc4 Qxc4 22. Rxc4 $18) 20.
Qxc4+ Kh8 21. Nxf5 {[%csl Rg7][%cal Gb2g7] Black has absolutely nothing to put
against white's active pieces, esp. the B} Qe8 (21... Qg5 22. Qxe4 {[%cal
Ge4f5,Ge4g2]}) 22. Qxa6 {Having such an overwhelming position, why not grab a
pawn? Just in case.} Rg5 $1 {To Alex's creding I must say he's defending very
resourcefully. As we'll see soon - it pays off on many occasions, even when
playing against Ivanchuk.} 23. Ng3 Nxg3 24. hxg3 Rxg3 $1 {That is the point of
black's 22nd move. It doesn't really save the day, but keeps white in tension.}
25. Rxd6 $1 (25. fxg3 Qxe3+ 26. Kh2 Qh6+ {is a draw, of course}) 25... Ra8 26.
Re6 {[%cal Ga8a6,Ge8e6,Ye6e8,Yf2g3,Ya6a8] A picturesque position! Two queens
and two (or even three, depends how you look at it) rooks are hanging
simultaneously!} Qg8 27. Qb7 Rg5 (27... Rb8 28. Qxc7 Qxe6 29. Qxg3 $18) 28.
Rxc7 $6 {Perhaps a first step to letting the win slip away. There was no
necessity whatsoever to continue an complicate the matters. Now the first rank
is weakened} ({a simple:} 28. Re7 Rb8 29. Qxc7 Nf6 30. Rxg7 Rxg7 31. Bxf6 {
would do just fine.}) 28... Rb8 29. Qe4 Qd8 $1 {a vicious move - playing the
last card.} 30. Rb7 $4 {And this, already is a huge blunder. A rare slip for a
player of Ivanchuk's caliber.} (30. Qc2 $18 {Would have taken care of both -
the hanging rook and the first rook keeping the numerous threats: Rd6, Rec6,
Rh6! to which black is helpless.}) 30... Nf8 $1 {Now it's not at all simple
anymore.} 31. Rh6 {still not recovered from the shock, white allows an
immediate draw.} (31. Bd4 {would have still offered White some chances after:}
Nxe6 32. Rxb8 Qxb8 33. Qxe6 {and White has a shot at still winning this game.})
(31. Rxb8 {now allows a perpetual:} Qd1+ 32. Kh2 Qh5+ ({or} 32... Rh5+ 33. Kg3
Rg5+ 34. Kh2 $11) 33. Kg1 Qd1+ $11) 31... Rxb7 32. Qxb7 Qd1+ 33. Kh2 Rh5+ 34.
Rxh5 (34. Kg3 Rg5+ $11) 34... Qxh5+ 35. Kg3 Qg5+ 36. Kf3 Qf5+ 1/2-1/2

[Event "Flamenco Veterans-Women"]
[Site "Marbella"]
[Date "1999.10.30"]
[Round "8"]
[White "Chiburdanidze, Maia"]
[Black "Kortschnoj, Viktor Lvovich"]
[Result "1/2-1/2"]
[WhiteElo "2551"]
[BlackElo "2676"]
[Annotator "Gershon,A"]
[PlyCount "103"]
[EventDate "1999.10.21"]
[EventType "schev"]
[EventRounds "10"]
[EventCountry "ESP"]
[SourceTitle "CBM 074"]
[Source "ChessBase"]
[SourceDate "2000.02.01"]
[SourceVersion "1"]
[SourceVersionDate "2000.02.01"]
[SourceQuality "1"]

{[%mdl 32768]} 1. d4 Nf6 2. c4 e6 3. Nf3 b6 4. e3 Bb7 5. Bd3 d5 6. O-O dxc4 {
There are three possible plans in this position, one is that chosen by
Kortschnoi where black takes on c4 and tries to push e5, another possible plan
is to put the B on e7 and play against the isolated pawn.Also deserves of a
serious attention is the plan where black postpones any kind of action in the
center.} (6... Bd6) 7. Bxc4 a6 (7... Be7 8. Nc3 O-O 9. b3 Nbd7 10. Bb2 c5 11.
Qe2 a6 12. a4 $6 (12. dxc5 {I prefer this move over the text, since then in
the arising position of an isolated pawn white has a badly misplaced bishop.})
12... cxd4 13. exd4 (13. Nxd4 Ne5 $15) 13... Bb4 14. Rac1 Re8 15. Rfd1 Bxc3 16.
Bxc3 Nd5 17. Bd2 Nf8 18. Qe5 Ng6 19. Qg3 Nde7 20. Qh3 Qd6 21. Re1 Nd5 22. Ng5
h6 23. Ne4 Qe7 $15 {0-1 Cosma,I-Brodsky,M/ROM-chT 1994/EXT 97 (37)}) 8. Qe2 (8.
b3 Nbd7 (8... c5 9. dxc5 Bxc5 10. Qxd8+ Kxd8 11. Bb2 Nbd7 12. Nbd2 Ke7 13. Rac1
Rac8 14. Be2 {1/2-1/2 Oll,L-Ribli,Z/Szeged 1997/CBM 62 (14)}) 9. Bb2 Be7 10.
Nbd2 O-O 11. Qe2 c5 12. a4 Qb8 13. Rfd1 Rd8 14. dxc5 Bxc5 15. Bd3 h6 16. Nc4
Bd5 17. Nfe5 Qb7 18. Nxd7 Rxd7 19. Bxf6 gxf6 20. e4 Bc6 21. Qg4+ Kh7 22. Bc2
Rg8 23. Qf4 Rg6 24. Rxd7 Bxd7 25. Rd1 e5 26. Qh4 Qc7 $17 {0-1 Prakash,G-Short,
N/Calcutta 1998/CBM 62 ext (31)}) (8. a4 c5 9. b3 Nc6 10. Bb2 Be7 11. Nbd2 O-O
12. Qe2 Nb4 13. dxc5 Bxc5 14. Rfd1 Qe7 15. Ne5 Rfd8 16. Ndf3 Ne4 17. Nd3 Nxd3
18. Rxd3 Nd6 $17 {0-1 Sasata,R-Tukmakov,V/Winnipeg 1994/EXT 98 (40)}) 8... Nbd7
(8... c5 9. Rd1 (9. dxc5 Bxc5 10. Nbd2 Nbd7 11. b3 O-O 12. Bb2 Qe7 13. Bd3 Ba3
14. Bxa3 Qxa3 15. Nc4 Qe7 16. Rad1 Rad8 17. Nd4 g6 18. Qb2 e5 19. Ne2 b5 20.
Na5 Ba8 21. b4 Nb6 22. a3 h5 23. Nc3 h4 24. h3 Nfd5 25. Rfe1 Nxc3 26. Qxc3 Rc8
27. Qa1 Qg5 $15 {0-1 Chiburdanidze,M-Akopian,V/Las Vegas USA 1999 (46)}) 9...
Nbd7 10. Nc3 cxd4 11. exd4 b5 12. Bb3 b4 13. Ne5 Qb6 14. Na4 Qb5 15. Bc4 $1
Qxa4 16. b3 Qa5 17. Nxf7 Bd5 18. Nxh8 Bd6 $44 {1/2-1/2 Lukacs,P-Onischuk,A/
Budapest 1993/CBM 37 ext (29)}) 9. a4 Bd6 {Of course, black cannot choose
another setup anymore, after putting his knight on d7} 10. Nc3 O-O 11. e4 e5
12. Bg5 exd4 ({another possibility would've been :} 12... Qe8 {which is
handing white too much of freedom in the center.} 13. dxe5 Bxe5 14. Nxe5 Qxe5
15. f4 Qc5+ (15... Qd4+ $6 16. Kh1 Nxe4 $2 17. Rad1 $18) 16. Kh1 $18 {[%cal
Ge4e5,Ge5e6,Gc4d3]}) 13. Nxd4 Qe8 14. Rfe1 Qe5 (14... Bxh2+ 15. Kxh2 Qe5+ 16.
f4 Qxd4 17. Rad1 Qc5 18. e5 $40) 15. Nf3 Qa5 16. Bxf6 $1 {Giving black a tough
choice between a pawn down, and a passive, strategically lost position.} Nxf6
17. e5 Rae8 (17... Bxf3 18. gxf3 (18. Qxf3 Bxe5) 18... Rae8 19. f4 $16 {
Black has to move his pieces now, after which white's initiative wil become
very dangerous.}) 18. Qd3 Bxf3 19. exd6 Bb7 20. dxc7 Rc8 21. Re7 $2 (21. Qd6 $1
Ne8 (21... Qg5 22. Bf1 {[%csl Gb6]}) (21... Qc5 22. Qxc5 bxc5 23. Re7 Ne8 24.
Bd5 $1 $18) (21... b5 22. axb5 Qxc7 23. Qxc7 Rxc7 24. bxa6 Rxc4 25. axb7 Rb4
26. Re7 $18) 22. Rxe8 $1 Rcxe8 (22... Rfxe8 23. Bd5 Qc5 24. Qxc5 bxc5 25. Bxb7
Rxc7 26. Bxa6 $18) 23. Bd5 $1 $18 {[%cal Gb2b4] The queen got caught!!!!}) (21.
Qg3 $2 Qc5 22. Ba2 Qxc7 $11) 21... b5 $8 {[%csl Ga1] The drawback of white's
last move is the unprotected rook on a1} 22. Bd5 Nxd5 (22... Rxc7 23. Rxc7 Qxc7
24. Bxb7 Qxb7 25. axb5 axb5 26. Qxb5 $16) 23. Nxd5 bxa4 24. Rd1 {Even after
the mistake white has a strong domination, and it takes all Victor Lvovich's
skills to save the game.} h6 25. Qc3 $1 Qb5 (25... Qxc3 26. Nxc3 {[%cal Gc3a4]}
Bc6 27. Rd6 Bb5 28. Nd5 $18) 26. Ne3 (26. Re5 Bxd5 $8 27. Rexd5 Qb6 28. Rd7 $16
) 26... a5 27. Rd5 $5 Qb3 (27... Bxd5 $4 28. Nf5 $18) (27... Qb4 28. Qxb4 axb4
29. Rb5 Bc6 30. Rxb4 $18) 28. Qxb3 axb3 29. Rb5 (29. Rxa5 Ra8 30. Nc4 Bd5 31.
Rd7 $1) 29... Bc6 30. Rxa5 $2 {Giving black unnecessery counterchances} (30.
Rxb3 $142 {[%csl Yd6][%cal Gb3c3,Ge3c4,Gc4d6,Ge3f5,Gf5d6]} Rfe8 31. Rxe8+ Bxe8
32. Rb8 $18) 30... Ra8 31. Nc4 Bb5 $1 {This is probably what white had missed}
32. Rxa8 Rxa8 33. Na3 Kf8 34. Re5 Bd7 {The position is, of course, still
winning, but there are technical difficulties, due to the far advanced black
'b' pawn} 35. h4 Be6 36. f4 Ke7 37. Nb5 $2 (37. f5 Kd6 38. fxe6 Kxe5 39. exf7
Kd6 (39... Ke6 40. Nb5 {[%cal Gb5a7]} Kd7 {-see 39...Kd6}) 40. Nb5+ Kd7 41. Kf2
$1 Rf8 42. Ke3 {[%cal Ge3b3,Gb3c4,Yb2b7] and black is helpless against white's
simple threat} Rxf7 43. c8=Q+ Kxc8 44. Nd6+ $18) 37... Kd7 38. Rc5 Ke7 {
[%cal Ge6d7]} 39. f5 $2 {the final mistake} (39. Kf2 $142 Ra2 (39... Bd7 40.
Re5+) 40. c8=Q Rxb2+ 41. Kf3 Bxc8 42. Rxc8 Rc2 43. Rb8 $18) 39... Bd7 40. Nd4 (
40. Nc3) 40... Kd6 $1 {Black finds a way to transform the position into a
drawn rook ending.} 41. Nxb3 Rc8 42. Kf2 Ba4 $1 43. Rc3 Bxb3 44. Rxb3 Rxc7 {
[%csl Gf5,Gh4][%cal Gd6e5]} 45. Re3 Rc4 46. g3 Rc2+ $1 47. Re2 Rc5 $1 48. g4 {
[%csl Ge2,Gg4,Gh4]} Rb5 49. Kf3 Rb3+ 50. Kf4 Rb4+ {White's R is too passive
and the pawns are too weak for white to make any progress.} 51. Kf3 Rb3+ 52.
Kf4 1/2-1/2

[Event "Olympiad-36"]
[Site "Mallorca"]
[Date "2004.10.19"]
[Round "5"]
[White "Kempinski, Robert"]
[Black "Speelman, Jonathan S"]
[Result "1/2-1/2"]
[WhiteElo "2608"]
[BlackElo "2555"]
[Annotator "Gershon,A"]
[PlyCount "62"]
[EventDate "2004.10.15"]
[EventType "team-swiss"]
[EventRounds "14"]
[EventCountry "ESP"]
[SourceTitle "CBM 104"]
[Source "ChessBase"]
[SourceDate "2005.01.27"]
[SourceVersion "1"]
[SourceVersionDate "2005.01.27"]
[SourceQuality "1"]
[WhiteTeam "Poland"]
[BlackTeam "England"]
[WhiteTeamCountry "POL"]
[BlackTeamCountry "ENG"]

1. d4 e6 2. Nf3 Nf6 3. c4 Bb4+ 4. Nbd2 b6 5. a3 Bxd2+ 6. Qxd2 Bb7 7. e3 d6 8.
Be2 Nbd7 9. O-O O-O 10. b4 Ne4 11. Qd3 f5 12. Nd2 Kh8 {This move is new. Black
is opting for a more solid play in the center, rather then trying to create
counterplay on the king side. Other attempts were:} (12... Rf6 13. f3 Ng5 14.
Bb2 (14. d5 Rg6 15. f4 Nf7 16. Bb2 b5 17. Bf3 bxc4 18. Nxc4 Bxd5 19. Bxd5 exd5
20. Qxd5 Qe8 21. Rae1 Nf6 $13 {1/2-1/2 Kempinski,R-Moiseenko,A/Bled 2002/EXT
2003 (41)}) 14... Rg6 15. Kh1 Nf7 16. g3 Qg5 17. Rg1 Nf6 18. Rg2 Re8 19. Rf1 e5
20. d5 b5 $1 $36 {0-1 Olafsson,H-Leitao,R/Cappelle la Grande 2000/CBM 74 ext 
(26)}) (12... Qh4 13. f3 Ng5 14. g3 Qh3 15. Bb2 Nf6 16. d5 Rae8 17. Bxf6 Rxf6
18. f4 Nf7 19. Bf3 Rh6 20. Rf2 e5 21. Qc2 Re7 $13 {1/2-1/2 Ostenstad,B-Hansen,
T/Fredrikstad 2003/CBM 95 ext (41)}) 13. f3 Nxd2 14. Bxd2 Qe7 15. Qc2 (15. e4 {
doesn't work well here:} f4 16. Bc3 e5 {In such a closed position and without
the dark squared bishop, there is no reason why black shouldn't be happy here.}
) (15. d5 exd5 16. cxd5 Nf6 $15 {[%csl Rd5]}) 15... Rac8 16. a4 c5 17. a5 (17.
dxc5 bxc5 18. b5 d5 $132) 17... cxd4 18. exd4 b5 {Black is just on time
creating counterplay.} 19. a6 (19. c5 {is leff effective due to:} a6) 19... Bc6
20. c5 e5 {White's seemingly strong center is easily undermined.} 21. Bc3 (21.
cxd6 Qxd6 22. dxe5 Nxe5 $11 {with dynamic equality.}) 21... dxc5 (21... exd4
$143 22. Bxd4 dxc5 23. bxc5 {[%csl Gc5] I prefer white here.}) 22. bxc5 (22.
dxc5 Nxc5 $1 {The point of black's last move.} 23. bxc5 Qxc5+ 24. Kh1 b4 $19)
22... Nf6 {By keeping the pressure in the center, black doesn't allow white to
consolidate his pieces.} 23. Qb2 (23. Rfe1 e4 {[%cal Gf6d5] After blocking the
pawns only black can be better.}) 23... b4 $1 {Now we can witness the force
hidden inside black pieces.} (23... e4 $2 24. Bxb5 Rb8 25. Bxc6 Rxb2 26. Bxb2
$16 {[%csl Gc5,Gd4]}) 24. Bxb4 Nd5 {[%cal Gc8b8]} 25. Bc4 (25. Bc3 Rb8 26. Qd2
Nxc3 27. Qxc3 exd4 $17) 25... Ne3 26. Rfc1 exd4 27. Qxd4 Bxf3 $1 {the point}
28. Bf1 (28. gxf3 {accepting the sacrifice is extremely dangerous:} Qg5+ 29.
Kf2 f4 (29... Qg2+ 30. Kxe3 Rfe8+ 31. Kd3 Rcd8 32. Qd6 Qxf3+ {looks scary for
white, but fritzie keeps his usual cool-temper:} 33. Kc2 Rxd6 34. cxd6 Rc8 35.
Kb2 Rb8 36. Bb5 {and white wins}) 30. Bf1 Rcd8 31. Qe4 Rfe8 $40) (28. Re1 Qg5
$19) 28... Bc6 29. Bd2 Nxf1 $2 (29... f4 {[%csl Rg1] was much stronger, and
black would have a very promising attack.} 30. Re1 Rce8) 30. Rxf1 Rcd8 31. Qe3
Qf7 {Altough, if to choose, I would take black here, white is by no means in
danger.} 1/2-1/2